Pokémon - Les attaques de Joliflor - Statistiques

Statistiques générales
  • Ce quiz a été pris 14 fois
  • Le résultat moyen est 12 sur 16
Statistiques - réponses
Niveaux Types Noms des coups % Correct
Départ Plante Para-Spore
100%
Départ Plante Poudre Dodo
100%
Départ Poison Poudre Toxik
100%
Départ Poison Toxik
100%
Départ Plante Danse Fleurs
88%
Départ Plante Méga-Sangsue
88%
Départ Fée Pouvoir Lunaire
88%
Départ Plante Vol-Vie
88%
Départ Plante Giga-Sangsue
75%
Départ Évolution Plante Tempête Florale
75%
Départ Poison Acide
63%
Départ Normal Croissance
63%
Départ Normal Doux Parfum
63%
Départ Insecte Papillodanse
63%
Départ Plante Champ Herbu
50%
Départ Fée Rayon Lune
38%
Aucun quiz correspondant
Distribution des résultats
% des personnes avec chaque résultat
Percentile par nombre de réponses
Votre historique - résultats
Vous n’avez pas pris ce quiz